Statistiken für Gamer Quiz

Klicken Sie hier um das Quiz zu spielen!

Allgemein

  • Dieses Quiz wurde 495 mal gespielt
  • Das Durchschnittsergebnis liegt bei 12 aus 20

Antwortstatistiken

FrageAntwort% Korrekt
Wofür steht die Abkürzung GTA?Grand Theft Auto
86%
Wie heißt Marios Bruder?Luigi
86%
Wann kam GTA5 raus?17.09.2013
84%
Wann kam Minecraft raus?17.05.2009
81%
Wann kam Super Mario Odyssey raus?27.10.2017
80%
Wann kam Cuphead Raus?29.09.2017
79%
Wann kam Mario Kart DS raus?14.11.2005
77%
Wann kam Super Mario Maker 2 raus?28.06.2019
77%
Wann kam City Skylines raus?10.03.2015
76%
Wann kam Mario Kart Double Dash raus?07.11.2003
75%
Welche Farbe hat ein normaler Gumba?Braun
75%
Wofür steht die abkürzung PC?Personal Computer
66%
Wann kam Super Mario Bros raus?13.07.1985
62%
Wofür steht die Abkürzung NES?Nintendo Entertainment System
45%
Was hat die ID 1 in Minecraft?Stein
40%
Aus welchem Spiel ist der berühmte Satz "THE CAKE IS A LIE"?Portal
37%
Wofür steht die Abkürzung SSD?Solid-State-Drive
30%
Wofür steht die Abkürzung CPU?Central Processing Unit
26%
Wofür steht die Abkürzung RAM?Random Access Memory
24%
Wofür steht die Abkürzung ROM?Read Only Memory
21%

Verteilung der Resultate

Perzentil nach korrekt beantworteten Fragen

Anzahl Personen mit jedem Resultat

Ihre Resultats-Entwicklung

Sie haben dieses Quiz noch nicht gespielt